000 00718cam a22002175a 4500
001 L154814
002 19033
008 120120s2011 xxk f 000 0 eng d
020 _a9780749466244
035 _a(Sirsi) u154814
041 0 _aeng
050 0 4 _a344.410465 $2 18
100 1 _aDavies, Alex
245 0 0 _aWorkplace law handbook 2012
_bhealth and safety premises and environment
260 _aCambridge
_bWorkplace Law
_c2011
520 _aWritten by experts in small, readable sections this guide to health and safety is primarily aimed at employers, and is a detailed resource on workplace law.
590 _aKA
651 4 _aEngland and Wales
_y1543-
690 _aHealth and safety
_96244
942 _n0
999 _c113174
_d113174